000 00501nam a2200181Ia 4500
001 11143
005 20260306161924.0
008 260306t2001||||xx |||||||||||||| ||spa||
041 _aESP
082 _a985.0092
_bM58
100 _aMillones Figueroa, Luis
_eAUT
245 0 _aPedro De Cieza De León y su crónica de Indias:
_bla entrada de los incas en la historia universal
260 _c2001
300 _a313 páginas :
_c21cm.
650 _aGEN
654 _aCHU
942 _cLIB
_dJUS
_fJUS
_2ddc
_n
999 _c11143
_d11143